00511 2200193 4500001002100000005001500021008004100036020002200077035001900099041000700118082001000125090001600135100002300151700002300174245002500197260004600222300002700268650002200295INLIS00000000001228220241224114333241224||||||||| | ||| |||| || |  a978-979-22-7683-1 0010-1224012282 aid0 a658.8 a658.8 HER m0 aHermawan Kartajaya0 aStephanie Hermawan00aMarketing with Heart aJakartabPT. Gramedia Pustaka Utamac2013 a21x14 cm, x, 150 hlm.; 0aIlmu-ilmu terapan